000 00403nam a2200157Ia 4500
008 210210b1994 xxu||||| |||| 00| 0 eng d
020 _a81 203 0846 8
082 _a539 OHAM
100 _aOHANIAN (Hans C).
245 _aModern physics.
260 _aN D
_bPrentice-Hall of India Private Limited
_c1994
300 _axii,543
650 _aModern Physics
690 _aModern Physics
906 _a048461
999 _c97542
_d97542